000 01580nem0a2200337 4500
001 RU\NLR\cart\8629
005 20250614031317.0
035 _a(NLR Aleph) 010296202
090 _a10571865
_c10571865
100 _a20130819d1938 |||y0rusy50 ca
101 0 _arus
102 _aRU
120 _abyy xx||
123 1 _aa
_b3 000 000
135 _acrcn 024anaba
200 1 _aСхематическая карта Новосибирской области
_bКарты
206 _a1:3 000 000, 30 км в 1 см
210 _aТомск
_cКартолитография Упр. зем-ва Новосибирского ОблЗО
_d1938
215 _a1 к.
_cцв., список районов
_d48х49 см
325 1 _aКопия доступна в электронной библиотеке РНБ
327 1 _aДоп. карта: Схема плотности населения на 1 кв. км. Новосибирской области по районам.- 1:9 000 000
509 0 1 _7ca
_aНовосибирская
_hобласть
_92633379
_3RU\NLR\auth_crt\55197
606 0 _aПолитико-административные
_92178088
_3RU\NLR\auth_crt\66170
620 _aСССР
801 0 _aRU
_bNLR
_c20130819
_gPSBO
852 _aNLR
_bК
_j4-Об 1/239
_m17550
901 _eКартографические материалы
942 _cMAP
980 _aNB
981 1 9 _a(19) Картографические материалы